Sonia's foreign origin : (Record no. 130439)

MARC details
000 -LEADER
fixed length control field 00737nam a22002297a 4500
005 - DATE AND TIME OF LATEST TRANSACTION
control field 20170124110112.0
010 ## - LIBRARY OF CONGRESS CONTROL NUMBER
LC control number B-158492
020 ## - INTERNATIONAL STANDARD BOOK NUMBER
Terms of availability 300.00
International Standard Book Number 9788189233037
035 ## - SYSTEM CONTROL NUMBER
System control number B-158492
037 ## - SOURCE OF ACQUISITION
Source of stock number/acquisition Cen Lib/Ret
040 ## - CATALOGING SOURCE
Original cataloging agency DPL
Language of cataloging EN
082 ## - DEWEY DECIMAL CLASSIFICATION NUMBER
Classification number 921
Item number JAN
100 ## - MAIN ENTRY--PERSONAL NAME
Personal name Janak Raj Jai
9 (RLIN) 6834
245 ## - TITLE STATEMENT
Title Sonia's foreign origin :
Statement of responsibility, etc by Janak Raj Jai [and] Rajiv Jai
Remainder of title a non-issue /
260 ## - PUBLICATION, DISTRIBUTION, ETC. (IMPRINT)
Place of publication, distribution, etc New Delhi
Name of publisher, distributor, etc Regency Publications
Date of publication, distribution, etc 2004
270 ## - ADDRESS
City New Delhi
Address 20/36-G, Old Market, West Patel Nagar
Postal code 110008
300 ## - PHYSICAL DESCRIPTION
Extent x,158p.
Dimensions 22cm(Hb)
650 ## - SUBJECT ADDED ENTRY--TOPICAL TERM
Topical term or geographic name as entry element Gandhi, Sonia, -- 1946-
9 (RLIN) 29206
650 ## - SUBJECT ADDED ENTRY--TOPICAL TERM
Topical term or geographic name as entry element India -- Politics and government -- 1977-
9 (RLIN) 37
700 ## - ADDED ENTRY--PERSONAL NAME
Personal name Rajiv Jai
9 (RLIN) 29207
942 ## - ADDED ENTRY ELEMENTS (KOHA)
Source of classification or shelving scheme Dewey Decimal Classification
Koha item type English Books
Classification part 921
Call number suffix JAN
Holdings
Withdrawn status Lost status Damaged status Not for loan Home library Current library Date acquired Source of acquisition Cost, normal purchase price Total Checkouts Full call number Barcode Date last seen Copy number Cost, replacement price Price effective from Koha item type
        Central Library Central Library 09/07/2015 Cen Lib/Ret 300.00   921 JAN B-158492 09/07/2015 1 300.00 09/07/2015 English Books

© Delhi Public Library
Hit Counter
free hit counter